| 000 | 00513nam a2200193Ia 4500 | ||
|---|---|---|---|
| 005 | 20250508162127.0 | ||
| 008 | 008 250505s9999 xx 000 0 eng d | ||
| 020 | _a0-340-25516-1 | ||
| 037 | _aTextual | ||
| 040 |
_aFEDL _beng _cFEDL |
||
| 041 |
_aeng _2eng |
||
| 084 |
_a372.2, HOL _qFEDL |
||
| 100 |
_aHolt Maurice _9770032 |
||
| 245 | 0 | _aTertiary sector | |
| 260 |
_aLondon, UK _bHodder and Stoughton _c1980 |
||
| 300 | _av,154p | ||
| 942 |
_cTEXL _h372.2, HOL |
||
| 999 |
_c1374542 _d1374542 |
||